000 00486nam a2200181Ia 4500
003 GCL
008 140319s9999 xx 000 0 eng d
040 _aGCL /
_cGCL
082 0 4 _a327.73056
_bBI
100 1 _aBRANDS, H.W
245 1 0 _aINTO THE LABYRIN THE UNITED STATES AND THE MIBBLE EAST, /
_cBRANDS, H.W
260 _a[S.N] :
_bMC GRAW - HILL ،
_c1994
300 _a231P
650 0 4 _aUNITED STATES
650 0 4 _aMIDDLE EAST
650 0 4 _aFOREIGN RELATIONS
942 _2ddc
_cBK
999 _c11651
_d11651